000 00346 a2200157 4500
001 61346
020 _a9783060200788
040 _cAnchieta - Pituba
100 _aAntosová, Jarmila
240 1 0 _aPrima
_lpor
245 1 0 _aPrima
300 _a72
362 0 _a2008
650 4 _aLínguas germânicas (teutônicas) língua alemã
942 _cBK
999 _c61346
_d61346